000 00639nam a22002177a 4500
005 20170124105933.0
010 _aA-574325
020 _c00.00
_a8120003099
035 _aA-574325
037 _bCen Lib/Ret
040 _aDPL
_bEN
082 _a371.333
_bWAG
100 _aWaghmare, S.K.
_98905
245 _aAudio-visual education /
_cby S.K. Waghmare
260 _aNew Delhi
_bMetropolitan
_c1992
270 _a1, Netaji Subhash marg
_bNew Delhi
_e110002
300 _a68p.
_c20cm(Hb)
650 _aAudio-visual education
_975001
650 _aAudio-visual education-India
_98907
942 _2ddc
_cEN
_h371.333
_mWAG
999 _c124016
_d124016